[Event "GRE-chT 39th"]
[Site "Eretria"]
[Date "2011.07.08"]
[Round "7.1"]
[White "Ioannidis, Evgenios"]
[Black "Alexiou Karakasidis, Stavros"]
[Result "1-0"]
[WhiteElo "1838"]
[BlackElo "1422"]
[PlyCount "73"]
[EventDate "2011.07.03"]
[EventType "team-swiss"]
[EventRounds "7"]
[EventCountry "GRE"]
[SourceTitle "CBM 143 Extra"]
[Source "ChessBase"]
[SourceDate "2011.08.29"]
[SourceVersion "1"]
[SourceVersionDate "2011.08.29"]
[SourceQuality "1"]
[WhiteTeam "Peristeriou"]
[BlackTeam "Panionios"]
[WhiteTeamCountry "GRE"]
[BlackTeamCountry "GRE"]

1. d4 Nf6 2. c4 g6 3. Nc3 Bg7 4. Nf3 d6 5. h3 0-0 6. Bf4 Nbd7 7. e3 c5 8. Be2 cxd4 9. exd4 b6 10. 0-0 Bb7 11. Qd2 Re8 12. Rad1 Rc8 13. b3 Qc7 14. Nb5 Qb8 15. d5 Nc5 16. Nbd4 a6 17. b4 Nce4 18. Qe1 e5 19. dxe6 fxe6 20. Bh2 e5 21. Nb3 Nd7 22. Nfd2 Nc3 23. Ra1 e4 24. Bg4 Qc7 25. Qe3 Nd5 26. cxd5 Bxa1 27. Rxa1 Bxd5 28. Qd4 Bxb3 29. Nxb3 Rcd8 30. Qd5+ Kh8 31. Bxd6 Qc3 32. Bxd7 Rxd7 33. Be5+ Rxe5 34. Qxd7 e3 35. fxe3 Qxe3+ 36. Kh1 Rg5 37. Rc1 1-0

[Event "GRE-chT 39th"]
[Site "Eretria"]
[Date "2011.07.04"]
[Round "2.4"]
[White "Papadopoulos, Argirios"]
[Black "Alexiou Karakasidis, Stavros"]
[Result "1-0"]
[WhiteElo "1745"]
[BlackElo "1422"]
[PlyCount "107"]
[EventDate "2011.07.03"]
[EventType "team-swiss"]
[EventRounds "7"]
[EventCountry "GRE"]
[SourceTitle "CBM 143 Extra"]
[Source "ChessBase"]
[SourceDate "2011.08.29"]
[SourceVersion "1"]
[SourceVersionDate "2011.08.29"]
[SourceQuality "1"]
[WhiteTeam "Chania Chess Academy"]
[BlackTeam "Panionios"]
[WhiteTeamCountry "GRE"]
[BlackTeamCountry "GRE"]

1. e4 c5 2. Nf3 Nc6 3. d4 cxd4 4. Nxd4 e6 5. Nc3 a6 6. Nxc6 bxc6 7. Bd3 Qc7 8. 0-0 Nf6 9. Qe2 d6 10. f4 Be7 11. Kh1 0-0 12. Rf3 Re8 13. e5 dxe5 14. fxe5 Nd5 15. Bxh7+ Kxh7 16. Rh3+ Kg8 17. Qh5 f6 18. Qxe8+ Bf8 19. exf6 Nxf6 20. Qg6 e5 21. Rf3 Qf7 22. Qxf7+ Kxf7 23. Be3 Bg4 24. Rf2 Ke6 25. Re1 Rb8 26. Bd4 Bd6 27. Ne4 Nxe4 28. Rxe4 Bf5 29. Re1 g6 30. Bxe5 Bxe5 31. Rfe2 Rxb2 32. Rxe5+ Kd6 33. Ra5 Rxc2 34. Rxa6 Be6 35. a4 Bd5 36. Rg1 Ra2 37. a5 Kc5 38. h3 Kb5 39. Ra8 Kc5 40. Kh2 Kb5 41. h4 Ra4 42. Kh3 Be6+ 43. g4 Ra3+ 44. Rg3 Rxa5 45. Rxa5+ Kxa5 46. Re3 Bd5 47. h5 gxh5 48. gxh5 Bg8 49. h6 c5 50. Re7 c4 51. Rg7 Be6+ 52. Kh4 c3 53. h7 c2 54. Rg1 1-0

[Event "GRE-chT 39th"]
[Site "Eretria"]
[Date "2011.07.03"]
[Round "1.10"]
[White "Alexiou Karakasidis, Stavros"]
[Black "Koutsidis, Achilleas"]
[Result "0-1"]
[WhiteElo "1422"]
[BlackElo "1554"]
[PlyCount "114"]
[EventDate "2011.07.03"]
[EventType "team-swiss"]
[EventRounds "7"]
[EventCountry "GRE"]
[SourceTitle "CBM 143 Extra"]
[Source "ChessBase"]
[SourceDate "2011.08.29"]
[SourceVersion "1"]
[SourceVersionDate "2011.08.29"]
[SourceQuality "1"]
[WhiteTeam "Panionios"]
[BlackTeam "Papagou"]
[WhiteTeamCountry "GRE"]
[BlackTeamCountry "GRE"]

1. e4 c5 2. Nf3 d6 3. d4 cxd4 4. Nxd4 Nf6 5. Nc3 g6 6. Be3 Bg7 7. f3 Nc6 8. Qd2 0-0 9. 0-0-0 Nxd4 10. Bxd4 Be6 11. Kb1 Qc7 12. h4 Rfc8 13. h5 Qa5 14. Nd5 Qxd2 15. Nxf6+ Bxf6 16. Rxd2 Bxd4 17. Rxd4 Kg7 18. Bd3 Rc5 19. hxg6 hxg6 20. Rb4 b6 21. Rb5 Kf6 22. Rxc5 bxc5 23. f4 Rb8 24. c4 Bd7 25. b3 a5 26. Kc2 a4 27. Kc3 axb3 28. axb3 Ra8 29. Kb2 Bc6 30. Re1 Rh8 31. Kc3 Rh2 32. g4 Rf2 33. f5 g5 34. Rh1 Rf4 35. e5+ Kxe5 36. Re1+ Kf6 37. Be2 Bf3 38. Bxf3 Rxf3+ 39. Kc2 Rf4 40. Rg1 Ke5 41. Re1+ Re4 42. Rg1 Kf4 43. Kd3 Re3+ 44. Kc2 Rg3 45. Re1 Re3 46. Rg1 Kf3 47. f6 Re2+ 48. Kc3 exf6 49. Rf1+ Rf2 50. Rd1 Kxg4 51. Rxd6 Rf5 52. Rd5 Kf4 53. b4 cxb4+ 54. Kxb4 Ke4 55. Rxf5 Kxf5 56. Kb5 Ke6 57. c5 Kd7 0-1